01694nam a2200241Ia 4500001000600000003000900006008004100015040001300056040001300069041001300082100002400095100002900119245006500148245006400213250001100277260001000288260001100298260004900309300005700358500098000415650002601395650003101421B6852IT-RoPAU130308s9999 xx 000 0 und d aIT-RoPAU cIT-RoPAU aFRANCESE aLemagny Jean-Claude gCodice Aut. SPICS: 14961 aOmbre et le temps (L')-Essais sur la photographie comme art bOmbre et le Temps (L')-Essais Sur la photographie Comme Art a1a ed. aPARIS bNathan c1992 [1° Ed.:1992 - Ed.Ling.Originale:1992] a"384 p. (prefazione: no ; testo: 384 [pagine: 0-0])" aOmbra e Tempo: Saggi Sulla fotografia Come Arte. Prefazione di Gilles Mora. Teoria: Pittura e Fotografia, Continuità e Discontinuità nell'Atto Fotografico, Capolavoro e Fotografia, fotografia e Stile, fotografia e Arte Concettuale. Metodi: cerchio D'Immagini, Collezionare le Fotografie, scelta delle Fotografie, Incisione e Fotografia, Originale Fotografico, Esposizione Fotografica, Galleria, collezione e museo Immaginario. Temi: Creatività nella fotografia Architettonica, Spazio e Fotografia, Teatro delle Realtà, Ritratto, Fotobiografia, colore in Fotografia, Natura Morta. Storia: Storicodavanti Alla Fotografia, Sguardo al Catalogo, Periodo Contemporaneo in Francia, Disegni di Henri Cartier Bresson, Ralph Gibson, Andre' Kertesz, Maturità della Fotografia. Situazione della Fotografia. fotografia Arte Plastica?. Materia, Ombra e Fiction. Due sorgenti della Libertà Fotografica. materia Luce e Fotografia. indice dei Fotografi, Incisori e pittori Citati. aTEORICHE FOTOGRAFICHE eCodice materia Spics: 6755